000
00288nam a22001337a 4500
082
_a
894.812.1
_b
SAN/A
100
_a
SANTHAKUMARI U.S
245
_a
AKSHARACHEPPU
260
_a
THRISSUR
_b
H & C PUBLISHING HOUSE
_c
2010
300
_a
64
520
_a
POETRY
650
_a
POETRY
942
_c
BK
999
_c
4399
_d
4399